<?xml version="1.0" encoding="UTF-8"?>
<record
    xmlns:xsi="http://www.w3.org/2001/XMLSchema-instance"
    xsi:schemaLocation="http://www.loc.gov/MARC21/slim http://www.loc.gov/standards/marcxml/schema/MARC21slim.xsd"
    xmlns="http://www.loc.gov/MARC21/slim">

  <leader>01327nam a22002417a 4500</leader>
  <controlfield tag="001">9759</controlfield>
  <controlfield tag="003">FISKH</controlfield>
  <controlfield tag="005">20260206125736.0</controlfield>
  <controlfield tag="008">260206b        cb ||||| |||| 00| 0 eng d</controlfield>
  <datafield tag="020" ind1=" " ind2=" ">
    <subfield code="a">9781107632820</subfield>
  </datafield>
  <datafield tag="040" ind1=" " ind2=" ">
    <subfield code="a">FISKH</subfield>
    <subfield code="b">eng</subfield>
    <subfield code="c">FISKH</subfield>
    <subfield code="d">FISKH</subfield>
  </datafield>
  <datafield tag="050" ind1=" " ind2=" ">
    <subfield code="a">PZ7</subfield>
  </datafield>
  <datafield tag="082" ind1=" " ind2=" ">
    <subfield code="a">428</subfield>
  </datafield>
  <datafield tag="100" ind1=" " ind2=" ">
    <subfield code="a">Budgell, Gill </subfield>
    <subfield code="e">Author</subfield>
  </datafield>
  <datafield tag="245" ind1=" " ind2=" ">
    <subfield code="a">Cambridge primary English learner&#x2019;s book 3 /</subfield>
    <subfield code="c">Gill Budgell and Kate Ruttle </subfield>
  </datafield>
  <datafield tag="260" ind1=" " ind2=" ">
    <subfield code="a">New York : </subfield>
    <subfield code="b">Cambridge , </subfield>
    <subfield code="c">2015. </subfield>
  </datafield>
  <datafield tag="300" ind1=" " ind2=" ">
    <subfield code="a">144 pages : </subfield>
    <subfield code="b">color illustrations ; </subfield>
    <subfield code="c">28 cm</subfield>
  </datafield>
  <datafield tag="520" ind1=" " ind2=" ">
    <subfield code="a">Cambridge Primary English is a flexible, endorsed course written specifically to support Cambridge International Examinations' curriculum framework (Stages 1-6). This colourful Learner's Book includes the following features. Nine thematic units on exciting topics to engage young learners. Activities encouraging learners to actively explore, use and apply their core listening, speaking, reading and writing skills through individual, pair and group work. Lively international fiction, non-fiction and poetry texts which form the basis for teaching reading and writing skills. Language focus boxes throughout which help to teach and reinforce grammar points.</subfield>
  </datafield>
  <datafield tag="650" ind1=" " ind2=" ">
    <subfield code="a">Learner's book</subfield>
    <subfield code="v">English</subfield>
  </datafield>
  <datafield tag="700" ind1=" " ind2=" ">
    <subfield code="a">Ruttle, Kate  </subfield>
    <subfield code="e">Author </subfield>
  </datafield>
  <datafield tag="942" ind1=" " ind2=" ">
    <subfield code="2">ddc</subfield>
    <subfield code="c">BK</subfield>
    <subfield code="n">0</subfield>
  </datafield>
  <datafield tag="999" ind1=" " ind2=" ">
    <subfield code="c">9759</subfield>
    <subfield code="d">9759</subfield>
  </datafield>
  <datafield tag="952" ind1=" " ind2=" ">
    <subfield code="0">0</subfield>
    <subfield code="1">0</subfield>
    <subfield code="2">ddc</subfield>
    <subfield code="4">0</subfield>
    <subfield code="7">0</subfield>
    <subfield code="8">REF</subfield>
    <subfield code="a">002</subfield>
    <subfield code="b">002</subfield>
    <subfield code="c">LSHTTP</subfield>
    <subfield code="d">2026-02-06</subfield>
    <subfield code="l">0</subfield>
    <subfield code="o">BUD 428 PZ7</subfield>
    <subfield code="p">2026-0254</subfield>
    <subfield code="r">2026-02-06 12:56:48</subfield>
    <subfield code="t">1</subfield>
    <subfield code="w">2026-02-06</subfield>
    <subfield code="y">BK</subfield>
  </datafield>
</record>
